LEADER 00949nam a2200241 i 4500 001 000000142239 003 CaOOAMICUS 005 20050831000000.0 008 050831s1980 it u000 u ita u 013 $a117500 040 $aSeMil$bita 100 1 $aGiannini, Giorgio <1913-1997>.$0(OLS)http://semarc/name/15774 245 12$aL'ultimo Sciacca /$cGiorgio Giannini. 260 $aGenova :$bStudio editoriale di cultura,$ccopyr. 1980. 300 $a132 p. ;$c24 cm. 490 0 $aSciacchiana ;$v4 650 4$aSciacca, Michele Federico.$0(OLS)http://semarc/subject/11311 830 0$aSciacchiana ;$v4.$0(OLS)http://semarc/title/18702 850 $aSeMil 852 $aSeMil$W1$xVenegono$y1$m1130 3 4 *$j95414$B95414$CSeMilBibl$Z2$F102372 $81 961 $aLascito: Corradi mons. Enrico 996 $6245$aL'ultimo Sciacca$9(OLS)http://semarc/title/207949 996 $6260$aGenova :$bStudio editoriale di cultura$9(OLS)http://semarc/publisher/33692 LEADER 01276nam a2200217 4500 001 000000339687 003 CaOOAMICUS 005 20230405122913.0 008 200304s1827 fr a 000 u fre r 026 $as.nt iste c.u- OsRe (3) 1827 (A) 040 $aSeMil$bita 100 11$aCandolle, Augustin Pyramus : de,$d<1778-1841>.$0(OLS)http://semarc/name/110881 245 00$aTome 1. 264 1$aA Paris :$bChez Deterville, libraire, rue Hautefeuille,$c1827. 300 $aXX, 558, [2] p. :$bill. ;$c8° 773 0 $aCandolle, Augustin Pyramus : de <1778-1841>$tOrganographie végétale, ou Description raisonnée des organes des plantes, pour servir de suite et de développement a la théorie élémentaire de la botanique, et d'introduction a la Physiologie végétale et a la description des familles; avec 60 planches en taille-douce; par M.r Aug.-Pyr. de Candolle ... Tome 1. [-2.].$dA Paris : Chez Deterville, libraire, rue Hautefeuille, 1827.$g1$w()339686 850 $aSeMil 852 $aSeMil$W1$xVenegono$y1$m3XD II 7 FA$j219071$B230858$CSeMilBibl$Z2$F230858 $8I 996 $6245$aTome 1$9(OLS)http://semarc/title/1447 996 $6264$aA Paris :$bChez Deterville, libraire, rue Hautefeuille$9(OLS)http://semarc/publisher/55792 LEADER 00765nam a2200193 i 4500 001 000000228572 003 CaOOAMICUS 005 20140403000000.0 008 140403s1823 it u000 u ita u 013 $a207474 026 $al-me ari- poe. meco (7) 1823 (A) 040 $aSeMil$bita 245 10$aVol. 9. 300 $a380, [4] p., [1] carta di tav. 773 0 $aOrsi, Giuseppe Agostino $tStoria ecclesiastica del cardinale Giuseppe Agostino Orsi accademico della Crusca.$dVenezia : Presso Giuseppe Battaggia : co' tipi di G. Picotti, 1822-1826.$g9$w()29661 850 $aSeMil 852 $aSeMil$W1$xVenegono$y1$m3A I 93 FA$j178918$B178918$CSeMilBibl$Z2$F189947 $8I 961 $aRecupero: Altro 996 $6245$aVol. 9$9(OLS)http://semarc/title/111148